| 000 | 00686nam a2200205 a 4500 | ||
|---|---|---|---|
| 001 | 2076 | ||
| 003 | CO-ViMGA | ||
| 008 | 141112s2004 ck r 000 u spa d | ||
| 040 |
_aCO-ViMGA _bspa _cCO-ViMGA |
||
| 082 | 0 | 4 | _a616.8917 N174 |
| 100 | 1 |
_aNasio, Juan David _950827 |
|
| 245 | 1 | 0 | _aEnseñanza de 7 conceptos cruciales del psicoanalisis |
| 250 | _a4a | ||
| 260 |
_abarcelona : _bGedisa, _c1996 |
||
| 300 | _a238 p : il | ||
| 490 | _aFreudiana | ||
| 505 | _aEl concepto de castración 13 - - El concepto de narcisismo 61 - - El concepto de identificación 133 - - El concepto del super yo 179 - - El concepto de forclusión 209 | ||
| 650 | 1 | 4 | _aPSICOANALISIS |
| 942 |
_2ddc _cBK |
||
| 999 |
_c14219 _d14219 |
||